| Ancient History and Archaeology | 1 | 20.00 | 100% | 100% | 0% |
| Beliefs | 3 | 16.67 | 100% | 67% | 0% |
| Current Events | 1 | 10.00 | 100% | 0% | 0% |
| Fine Arts - Auditory Fine Arts | 2 | 15.00 | 100% | 50% | 0% |
| Fine Arts - Visual Fine Arts | 1 | 0.00 | 0% | 0% | 0% |
| History - American History | 1 | 10.00 | 100% | 0% | 0% |
| Literature - British Literature | 1 | 20.00 | 100% | 100% | 0% |
| Literature - European Literature | 1 | 10.00 | 100% | 0% | 0% |
| Other Arts: Auditory | 1 | 20.00 | 100% | 100% | 0% |
| Other Science: Math | 1 | 10.00 | 100% | 0% | 0% |
| Philosophy | 1 | 10.00 | 100% | 0% | 0% |
| Science - Biology | 1 | 20.00 | 100% | 100% | 0% |
| Science - Chemistry | 1 | 10.00 | 100% | 0% | 0% |
| Science - Physics | 1 | 20.00 | 100% | 100% | 0% |
| Social Science | 2 | 15.00 | 50% | 100% | 0% |
| World and Other Literature | 1 | 10.00 | 100% | 0% | 0% |
| Ancient History and Archaeology | 2 | 10.00 | 50% | 50% | 0% |
| Beliefs | 6 | 13.33 | 100% | 17% | 17% |
| British and Commonwealth History | 1 | 10.00 | 100% | 0% | 0% |
| Current Events | 2 | 10.00 | 100% | 0% | 0% |
| Fine Arts - Auditory Fine Arts | 3 | 16.67 | 100% | 67% | 0% |
| Fine Arts - Visual Fine Arts | 2 | 5.00 | 50% | 0% | 0% |
| Geography | 1 | 20.00 | 100% | 100% | 0% |
| History - American History | 2 | 20.00 | 100% | 50% | 50% |
| History - European History | 3 | 16.67 | 100% | 67% | 0% |
| History - World History | 2 | 20.00 | 100% | 50% | 50% |
| Literature - American Literature | 1 | 10.00 | 100% | 0% | 0% |
| Literature - British Literature | 2 | 20.00 | 100% | 100% | 0% |
| Literature - European Literature | 3 | 16.67 | 100% | 33% | 33% |
| Other Academic | 1 | 0.00 | 0% | 0% | 0% |
| Other Arts: Auditory | 3 | 10.00 | 100% | 0% | 0% |
| Other Arts: Visual | 1 | 10.00 | 0% | 100% | 0% |
| Other Science: Computer Science | 1 | 10.00 | 0% | 100% | 0% |
| Other Science: Earth Science | 1 | 10.00 | 100% | 0% | 0% |
| Other Science: Math | 1 | 0.00 | 0% | 0% | 0% |
| Philosophy | 4 | 12.50 | 100% | 25% | 0% |
| Science - Biology | 5 | 14.00 | 80% | 60% | 0% |
| Science - Chemistry | 3 | 10.00 | 100% | 0% | 0% |
| Science - Physics | 2 | 15.00 | 100% | 50% | 0% |
| Social Science | 4 | 12.50 | 100% | 25% | 0% |
| World and Other Literature | 3 | 16.67 | 100% | 67% | 0% |